2023 Formula One Drivers and Teams - Statistics

General Stats
  • This quiz has been taken 89 times
  • The average score is 19 of 20
Answer Stats
Team Country Driver % Correct
Red Bull Netherlands Max Verstappen
100%
Red Bull Mexico Sergio Perez
100%
Ferrari Monaco Charles Leclerc
98%
Mercedes UK Lewis Hamilton
98%
Ferrari Spain Carlos Sainz Jr
97%
McLaren UK Lando Norris
97%
Williams Thailand Alexander Albon
95%
Alpine France Esteban Ocon
95%
Mercedes UK George Russell
95%
Alpine France Pierre Gasly
95%
Aston Martin Spain Fernando Alonso
93%
Alfa Romeo Finland Valterri Bottas
93%
Alpha Tauri Japan Yuki Tsunoda
93%
Alfa Romeo China Zhou Guanyu
93%
Haas Denmark Kevin Magnussen
92%
Williams USA Logan Sargeant
92%
Aston Martin Canada Lance Stroll
90%
Alpha Tauri Netherlands Nyck de Vries
90%
McLaren Austraila Oscar Piastri
90%
Haas Germany Nico Hulkenberg
89%
No matching quizzes found
Score Distribution
Percent of People with Each Score
Percentile by Number Answered
Your Score History
You have not taken this quiz